[Event "Remote S7E-145 email"]
[Site "Remote email"]
[Date "2012.10.21"]
[Round "?"]
[White "Kirstein, Dieter"]
[Black "Tortoza, Carlos Alberto"]
[Result "1-0"]
[WhiteElo "1671"]
[BlackElo "1668"]
[PlyCount "113"]
[EventDate "2012.??.??"]
[EventType "tourn (corr)"]
[EventRounds "6"]
[EventCountry "GER"]
[SourceTitle "Corr 2015"]
[Source "ChessBase"]
[SourceDate "2015.07.17"]
[SourceVersion "1"]
[SourceVersionDate "2015.07.17"]
[SourceQuality "1"]

1. d4 e6 2. e4 d5 3. Nd2 Nc6 4. c3 Be7 5. e5 Bg5 6. Ngf3 Bh6 7. Bd3 Nge7 8. 0-0 0-0 9. Nh4 f5 10. exf6 Rxf6 11. Qh5 Qf8 12. Ndf3 Bxc1 13. Qxh7+ Kf7 14. Raxc1 Ke8 15. Qh5+ Kd8 16. Ne5 a6 17. Nhg6 Nxg6 18. Nxg6 Qe8 19. Qg5 Qg8 20. f4 Bd7 21. h4 Ne7 22. h5 Nxg6 23. Bxg6 c6 24. Rce1 Be8 25. f5 Bxg6 26. fxg6 Ke7 27. h6 Raf8 28. h7 Qh8 29. Rxf6 Rxf6 30. Rf1 b6 31. Rxf6 gxf6 32. g7 Qxh7 33. g8N+ Kd8 34. Qxf6+ Kc7 35. Qe7+ Qxe7 36. Nxe7 Kd7 37. Ng6 Ke8 38. Kf2 Kf7 39. Ne5+ Kf6 40. Nxc6 Kf5 41. Kf3 a5 42. g4+ Kg5 43. a4 Kg6 44. Kf4 Kf6 45. g5+ Kf7 46. Ke5 Kg6 47. Kxe6 Kxg5 48. Kxd5 Kf4 49. c4 Ke3 50. Nxa5 bxa5 51. c5 Kd3 52. c6 Kc2 53. c7 Kxb2 54. c8Q Ka3 55. Qb7 Kxa4 56. Kc4 Ka3 57. Qb3# 1-0

[Event "Remote S7E-145 email"]
[Site "Remote email"]
[Date "2012.10.21"]
[Round "?"]
[White "Kirstein, Dieter"]
[Black "Wiedmann, Jochen"]
[Result "0-1"]
[WhiteElo "1671"]
[BlackElo "1956"]
[PlyCount "54"]
[EventDate "2012.??.??"]
[EventType "tourn (corr)"]
[EventRounds "6"]
[EventCountry "GER"]
[SourceTitle "Corr 2015"]
[Source "ChessBase"]
[SourceDate "2015.07.17"]
[SourceVersion "1"]
[SourceVersionDate "2015.07.17"]
[SourceQuality "1"]

1. Nc3 c5 2. d4 cxd4 3. Qxd4 Nc6 4. Qa4 d6 5. e4 Bd7 6. Be3 e6 7. 0-0-0 Be7 8. f4 Rc8 9. Nf3 Nf6 10. h3 0-0 11. g4 Ne5 12. Qxa7 Nxf3 13. Be2 Ra8 14. Qxb7 Rb8 15. Qa6 Nh4 16. f5 Bc8 17. Qd3 Nd7 18. Qd2 Ng2 19. Kb1 Nxe3 20. Qxe3 Qa5 21. Bc4 Bf6 22. Bb3 Bxc3 23. fxe6 fxe6 24. bxc3 Rb6 25. Rhf1 Re8 26. Qf3 Ne5 27. Qf2 Ba6 0-1

[Event "Remote S7E Basic-59 email"]
[Site "Remote email"]
[Date "2012.09.19"]
[Round "?"]
[White "Schmitt, Harald"]
[Black "Kirstein, Dieter"]
[Result "1-0"]
[WhiteElo "2029"]
[BlackElo "1939"]
[PlyCount "41"]
[EventDate "2012.??.??"]
[EventType "tourn (corr)"]
[EventRounds "6"]
[EventCountry "GER"]
[SourceTitle "Corr 2015"]
[Source "ChessBase"]
[SourceDate "2015.07.17"]
[SourceVersion "1"]
[SourceVersionDate "2015.07.17"]
[SourceQuality "1"]

1. Nf3 c5 2. c4 Nc6 3. d4 cxd4 4. Nxd4 Nf6 5. Nc3 g6 6. Nxc6 bxc6 7. e4 Qc7 8. f4 d6 9. h3 Bg7 10. Be2 0-0 11. 0-0 Rb8 12. Rb1 Nd7 13. h4 h5 14. g4 hxg4 15. Bxg4 Nf6 16. f5 Nxg4 17. Qxg4 Bxc3 18. h5 Bd4+ 19. Kg2 Kg7 20. Bh6+ Kxh6 21. hxg6 1-0